[Event "Penang Heritage op 16th"]
[Site "Penang"]
[Date "2024.12.24"]
[Round "2"]
[White "Joseph, Samuel Alexander"]
[Black "Chong, Jin Cheng"]
[Result "0-1"]
[WhiteElo "1593"]
[BlackElo "2002"]
[PlyCount "60"]
[EventDate "2024.12.23"]
[EventType "swiss"]
[EventRounds "9"]
[EventCountry "MAS"]
[SourceTitle "CB14_2025"]
[SourceDate "2024.11.01"]
[SourceVersion "1"]
[SourceVersionDate "2024.11.01"]
[SourceQuality "1"]

1. e4 c5 2. Nf3 g6 3. d4 cxd4 4. Nxd4 Bg7 5. c4 Nc6 6. Be3 Nf6 7. Nc3 0-0 8. Be2 d6 9. f3 e6 10. Ndb5 d5 11. cxd5 exd5 12. exd5 Ne7 13. d6 Nf5 14. Bc5 b6 15. Ba3 Ne3 16. Qd2 Bh6 17. Qd3 Bf5 18. Ne4 Nxe4 19. fxe4 Nxg2+ 20. Kf2 Nf4 21. Qg3 Bxe4 22. Nc7 Qf6 23. Nxa8 Nh5+ 24. Ke1 Nxg3 25. hxg3 Bxh1 26. Nc7 Be3 27. Kd1 Be4 28. d7 Qf2 29. Bxf8 Qg1+ 30. Bf1 Qxf1# 0-1